书目信息 |
| 题名: |
江湖异人传
|
|
| 作者: | ;范伯群 编选 ;中国现代文学馆編 | |
| 分册: | ||
| 出版信息: | 北京 华夏出版社 2011.01 |
|
| 页数: | 265页 | |
| 开本: | 24cm | |
| 丛书名: | 中国现代文学百家 | |
| 单 册: | ||
| 中图分类: | I246.7 | |
| 科图分类: | ||
| 主题词: | 小说--中国 | |
| 电子资源: | ||
| ISBN: | 978-7-5080-1794-5 | |
| 000 | 00774nam0 2200229 45 | |
| 001 | 0008171717 | |
| 005 | 20111226143438.25 | |
| 010 | @a978-7-5080-1794-5@dCNY27.00 | |
| 100 | @a20000817d2011 km y0chiy0120 ea | |
| 101 | 0 | @achi |
| 105 | @ay z 000yy | |
| 200 | 1 | @a江湖异人传@Ajiang hu yi ren chuan@f中国现代文学馆編@Fzhong guo xian dai wen xue guan bian@g范伯群编选@Gfan bo qun bian xuan |
| 210 | @a北京@c华夏出版社@d2011.01 | |
| 215 | @a265页@d24cm | |
| 225 | 2 | @a中国现代文学百家@i平江不肖生代表作 |
| 410 | 0 | @12001 @a中国现代文学百家 |
| 606 | 0 | @a小说@x中国 |
| 690 | @aI246.7@v3 | |
| 702 | 0 | @a范伯群@Afan bo qun@4编选 |
| 711 | 02 | @a中国现代文学馆編@Azhong guo xian dai wen xue guan bian |
| 801 | @aCN@bPftUser@c20111226 | |
| 905 | @b110201-203@dI246.7@eZ654@f3 | |
| 江湖异人传/中国现代文学馆編/范伯群编选.-北京:华夏出版社,2011.01 |
| 265页;24cm.-(中国现代文学百家.平江不肖生代表作) |
| ISBN 978-7-5080-1794-5:CNY27.00 |
| ● |
| 相关链接 |
|
|
|
正题名:江湖异人传
索取号:I246.7/Z654
 
预约/预借
| 序号 | 登录号 | 条形码 | 馆藏地/架位号 | 状态 | 备注 |
| 1 | 1066757 | 210667571 | 社科二线422/422社科库 6排2列2层/ [索取号:I246.7/Z654] | 在馆 | |
| 2 | 1066758 | 210667580 | 文学库108/108文学库 24排8列4层/ [索取号:I246.7/Z654] | 在馆 | |
| 3 | 1066759 | 210667599 | 文学库108/108文学库 24排8列4层/ [索取号:I246.7/Z654] | 在馆 |